| 000 | 00806nam a22002897a 4500 | ||
|---|---|---|---|
| 003 | CHAP | ||
| 005 | 20220329135303.0 | ||
| 008 | 971013s1981 r 00010 d | ||
| 010 | _a33819 | ||
| 011 | _a34791 | ||
| 035 | _a38907 | ||
| 040 | _cCHAP | ||
| 090 | _aFolleto 8097 | ||
| 245 | _aCut flowers from bulbs | ||
| 260 |
_aLondon : _bGrower Books, _c1981 |
||
| 300 |
_a81 p. _b: ilus. |
||
| 490 |
_aGrower guide _v; 22 |
||
| 590 |
_aBATCH-UPD _b10 _c20130110 _lUCH01 _h0212 |
||
| 590 |
_aBATCH-UPD _b10 _c20130110 _lUCH01 _h1940 |
||
| 590 |
_aCONVERSION _b10 _c20130109 _lUCH01 _h1319 |
||
| 650 | 1 | 4 |
_aBulbos y tuberosas. _916021 |
| 650 | 1 | 4 |
_aFlores _xCorte. _941368 |
| 830 | 0 |
_aGrower guide _v; 22 _950840 |
|
| 901 | _aBK | ||
| 942 | _cFOLL | ||
| 949 |
_aFolleto 8097 _bBC _cFOLL _d-88965 _eTS1 _i38907 _si |
||
| 999 |
_c33819 _d33819 |
||